000 00260nam a2200097Ia 4500
008 120527s9999 xx 000 0 und d
100 _aMCMURTRY, J.
245 _aUnequal freedoms the global market as an ethical systems
260 _bKumanian Press
942 _cBK
999 _c25506
_d25506